000
00241nam a22000857a 4500
008
160827b xxu||||| |||| 00| 0 eng d
100
_9
253
_a
Jaisingh S
245
_a
Practice Questions in Mathematics-VI
260
_a
New Delhi
_b
Arya publication
_c
2012
999
_c
2909
_d
2909